| 000 | 00903cam a2200253 a 4500 | ||
|---|---|---|---|
| 001 | 11761349 | ||
| 005 | 20250603104531.0 | ||
| 008 | 990719s1999 tnua b 001 0 eng | ||
| 020 | _a0849913535 | ||
| 020 | _z9781418558987 (epub) | ||
| 050 | 0 | 0 |
_aBV660.2 _b.L39 1999 |
| 082 | 0 | 0 |
_a253 _221 |
| 100 | 1 |
_aLawrence, William, _d1938- |
|
| 245 | 1 | 0 |
_aEffective pastoring : _bgiving vision, direction, and care to your church / _cBill Lawrence ; Charles R. Swindoll, general editor ; Roy B. Zuck, managing editor. |
| 260 |
_aNashville, Tenn. : _bWord Pub., _cc1999. |
||
| 300 |
_axii, 257 p. : _bill. ; _c25 cm. |
||
| 440 | 0 | _aSwindoll leadership library | |
| 650 | 0 |
_aClergy _xOffice. |
|
| 650 | 0 | _aPastoral theology. | |
| 700 | 1 | _aSwindoll, Charles R. | |
| 700 | 1 | _aZuck, Roy B. | |
| 856 | 4 | 2 |
_3Publisher description _uhttp://www.loc.gov/catdir/enhancements/fy0609/99041679-d.html |
| 942 |
_2lcc _cBK _n0 |
||
| 999 |
_c6192 _d6192 |
||